• 首页
  • 本馆介绍
  • 公告通知
  • 最新文献
  • 馆藏检索
  • 电子资源
  • 读者导购
  • 参考咨询
  • 我的图书馆
  • 登录
  • 详细信息显示
  • 放入我的书架
  • 预约/预借图书
  • 作者相关作品
  • 分类相关作品
  • 丛书相关作品
  • 出版社相关作品

书目信息

  • 表格格式
  • 工作单格式
  • 卡片格式
题名:
农业生产机械化
    
 
作者: ;江苏农学院 , 华中农学院 主编
分册:  
出版信息: 北京   农业出版社  1980
页数: 406页
开本: 25cm
丛书名:
单 册:
中图分类: S23
科图分类:
主题词: 农业机械化--高等学校--教材
电子资源:
ISBN:
000 00749nam0 2200253 45
001 0180009323
005 20060720085746.53
010    @dCNY2.65
091    @aCN@b15144.579
100    @a19950530d1980 em y0chiy0121 ea
101 0  @achi
102    @aCN@b110000
105    @ay z 000yy
200 10 @a农业生产机械化@Anong ye sheng chan ji xie hua@e南方本@f华中农学院,江苏农学院主编
210    @a北京@c农业出版社@d1980
215    @a406页@d25cm
300    @a全国高等农业院试用教材 农学专业用
606    @a农业机械化@x高等学校@x教材
690    @aS23@v3
711 02 @a江苏农学院@Ajiang su nong xue yuan@4主编
711 02 @a华中农学院@Ahua zhong nong xue yuan@4主编
801  2 @aCN@bNLC@c20060720
801  0 @aCN@bTSSF
905    @a10447@dS23@e18
    
    农业生产机械化:南方本/华中农学院,江苏农学院主编.-北京:农业出版社,1980
    406页;25cm
    全国高等农业院试用教材 农学专业用
    
    ISBN :CNY2.65
    
●
相关链接 在E读中查询图书 在五车中查询图书 在当当中查询图书 在豆瓣中查询图书


正题名:农业生产机械化     索取号:S23/18         预约/预借

序号 登录号 条形码 馆藏地/架位号 状态 备注
1 0437536   204375363   密集书库/ [索取号:S23/18] 在馆    
2 0437537   204375372   密集书库/ [索取号:S23/18] 在馆    
唐山师范学院图书馆 欢迎您!
大连网信软件有限公司© 版权所有